书目信息 |
| 题名: |
维克多英语辅导
|
|
| 作者: | ||
| 分册: | ||
| 出版信息: | 北京 外语教学与研究出版社 1992.11 |
|
| 页数: | 249页 | |
| 开本: | 16开 | |
| 丛书名: | ||
| 单 册: | ||
| 中图分类: | H31 | |
| 科图分类: | ||
| 主题词: | 英语 | |
| 电子资源: | ||
| ISBN: | 7-5600-0833-X | |
| 000 | 00477nam0 2200181 45 | |
| 001 | 0006130896 | |
| 005 | 20000613082251.3 | |
| 010 | @a7-5600-0833-X@d8.80元 | |
| 100 | @a20000613d1992 km y0chiy0120 ea | |
| 101 | 0 | @achi |
| 105 | @a z 000yy | |
| 200 | 1 | @a维克多英语辅导@AWei Ke Duo Ying Yu Fu Dao |
| 210 | @a北京@c外语教学与研究出版社@d1992.11 | |
| 215 | @a249页@d16开 | |
| 606 | 0 | @a英语 |
| 690 | @aH31@v3 | |
| 801 | @aCN@bPftUser@c20000613 | |
| 905 | @b203863@dH31@eW:283@f1 | |
| 维克多英语辅导.-北京:外语教学与研究出版社,1992.11 |
| 249页;16开 |
| ISBN 7-5600-0833-X:8.80元 |
| ● |
| 相关链接 |
|
|
|
正题名:维克多英语辅导
索取号:H31/W:283
 
预约/预借
| 序号 | 登录号 | 条形码 | 馆藏地/架位号 | 状态 | 备注 |
| 1 | 203863 | 202038632 | 语言库209/209语言库 87排1列6层/ [索取号:H31/W:283] | 在馆 |